000 00838nam a22002177a 4500
999 _c8875
_d8875
003 AR-CdUCM
008 190326b ||||| |||| 00| 0 spa d
020 _a978-607-618-582-7
040 _aMUNICIPALIDAD PROVINCIAL DEL CUSCO
_cBIBLIOTECA MUNICIPAL DEL CUSCO
082 _aPI-0007 /
_bAND / int
100 _aAndersen, Hans Christián
_912210
245 _aEl intrépido soldadito de plomo y otros fabulosos cuentos /
260 _aMéxico:
_bMiles Kelly Publishing,
_c2015.
300 _a40 páginas :
_bilustraciones a color,
_c28 cm.
500 _aEntra al mágico mundo de Hans Christián Anderson, uno de los mejores escritores de cuentos infantiles del mundo.
650 _aCuentos infantiles
_914480
650 _aSiglo XIX
_9971
700 _aCaballero, Samantha (Traductor)
_924682
942 _2ddc
_cLIBROS
945 _araen